000 00623nam a2200229Ia 4500
003 OSt
005 20220926043145.0
006 a|||||r|||| 00| 0
007 ta
008 220923b |||||||| |||| 00| 0 eng d
037 _cGeneral Book
040 _aRTL
_cRTL
_beng
041 _2eng
_aeng
082 _a265.44Q7, K4
100 _aSalahuddin Ahmad
245 0 _aWhat women read in West Pakistan
_bA survey
260 _c1964
490 _aReading habits in Pakistan.1
650 _aLibrary Sicence
_9231926
942 _h265.44Q7, K4
_cGB
_2CC
999 _c671613
_d671613